Red Animals - Statistics

General Stats
  • This quiz has been taken 8 times
  • The average score is 2 of 5
Answer Stats
Answer % Correct
Red Panda
80%
Cardinal
60%
Scarlet Macaw
40%
Crab
20%
Scarlet Ibis
20%
No matching quizzes found
Score Distribution
Percent of People with Each Score
Percentile by Number Answered
Your Score History
You have not taken this quiz